El Levantamiento indígena del Inti raymi de 1990 / (Record no. 63727)

MARC details
000 -LEADER
fixed length control field 00749cam a2200193 4500
008 - FIXED-LENGTH DATA ELEMENTS--GENERAL INFORMATION
fixed length control field 040625t1992 ec g b 000 0 spa u
020 ## - INTERNATIONAL STANDARD BOOK NUMBER
International Standard Book Number 9978963561
050 00 - LIBRARY OF CONGRESS CALL NUMBER
Classification number F3722
Item number L48 1992
245 03 - TITLE STATEMENT
Title El Levantamiento indígena del Inti raymi de 1990 /
Statement of responsibility, etc [Segundo Moreno Yánez, José Figueroa].
260 ## - PUBLICATION, DISTRIBUTION, ETC. (IMPRINT)
Place of publication, distribution, etc Quito, Ecuador :
Name of publisher, distributor, etc Fundación Ecuatoriana de Estudios Sociales :
-- ABYA-YALA,
Date of publication, distribution, etc c1992.
300 ## - PHYSICAL DESCRIPTION
Extent 160 p. ;
Dimensions 18 cm.
504 ## - BIBLIOGRAPHY, ETC. NOTE
Bibliography, etc Bibliografía : p. 143-155
650 10 - SUBJECT ADDED ENTRY--TOPICAL TERM
Topical term or geographic name as entry element Indios de América del Sur
Geographic subdivision Ecuador
General subdivision Política y gobierno
650 20 - SUBJECT ADDED ENTRY--TOPICAL TERM
Topical term or geographic name as entry element Indios de América del Sur
Geographic subdivision Ecuador
General subdivision Vida social y costumbres
700 1# - ADDED ENTRY--PERSONAL NAME
Personal name Moreno Yáñez, Segundo, coaut.
700 1# - ADDED ENTRY--PERSONAL NAME
Personal name Figueroa, José, coaut.
942 ## - ADDED ENTRY ELEMENTS (KOHA)
Source of classification or shelving scheme Biblioteca del Cogreso de los Estados Unidos
Koha item type Libro
Holdings
Estado de pérdida Fuente de clasificación Estado del daño No para préstamo Ubicación permanente Ubicación actual Apartado o colección Fecha de adquisición Edición Dependencia de educación superior (DES) Área del conocimiento Clasificación Código de Barras Date last seen Número de copia Tipo de recurso
  Biblioteca del Cogreso de los Estados Unidos     Biblioteca del Instituto de Investigaciones Históricas Biblioteca del Instituto de Investigaciones Históricas General 14/08/2018 1a ed. Humanidades Ciencias Sociales y Administrativas F3722 L48 1992 IIH000023782 14/08/2018 C:1 Libro